बिरबल आणि बादशहा (Record no. 1084994)

MARC details
000 -LEADER
fixed length control field 00625nam a2200205Ia 4500
008 - FIXED-LENGTH DATA ELEMENTS--GENERAL INFORMATION
fixed length control field 151119s9999||||xx |||||||||||||| ||und||
082 ## - DEWEY DECIMAL CLASSIFICATION NUMBER
Classification number 28.5
082 ## - DEWEY DECIMAL CLASSIFICATION NUMBER
Item number GKKV32692
100 ## - MAIN ENTRY--PERSONAL NAME
Personal name रेचल गडकर
245 ## - TITLE STATEMENT
Title बिरबल आणि बादशहा
260 ## - PUBLICATION, DISTRIBUTION, ETC. (IMPRINT)
Place of publication, distribution, etc मुंबई
260 ## - PUBLICATION, DISTRIBUTION, ETC. (IMPRINT)
Name of publisher, distributor, etc जयहिंद प्रकाशन
260 ## - PUBLICATION, DISTRIBUTION, ETC. (IMPRINT)
Date of publication, distribution, etc 2014
300 ## - PHYSICAL DESCRIPTION
Extent 80pp.p.p.
600 ## - SUBJECT ADDED ENTRY--PERSONAL NAME
Personal name रेचल गडकर
630 ## - SUBJECT ADDED ENTRY--UNIFORM TITLE
Uniform title बिरबल आणि बादशहा
700 ## - ADDED ENTRY--PERSONAL NAME
Personal name रेचल गडकर
730 ## - ADDED ENTRY--UNIFORM TITLE
Uniform title बिरबल आणि बादशहा
942 ## - ADDED ENTRY ELEMENTS (KOHA)
Koha item type Book
Holdings
Withdrawn status Lost status Damaged status Not for loan Home library Current library Date acquired Cost, normal purchase price Total Checkouts Full call number Barcode Date last seen Cost, replacement price Price effective from Koha item type
        G.K. Khandekar Vachanalaya, Mulund G.K. Khandekar Vachanalaya, Mulund 03/26/2014 0.00   GKKV32692 GKKV32692 11/19/2015 0.00 11/19/2015 Book